Výsledky provozního hodnocení Kuprikolu

Bibliographic Details
Main Author: Chládek, Zdeněk (Author)
Format: Article
Language:Czech

MARC

LEADER 00000nab a2200000uu 4500
001 vtls011449225
003 SK-MaSNL
005 20260303112147.0
008 230121|1970 xo |||||||||||||||||cze|
015 |a SNBRB 
035 |a (urnnbn)urn:nbn:sk:snk:ar-0062iw 
035 |a (uuid)fd7c6f65-1de3-4865-afee-30d75527f603 
035 |a urn:nbn:sk:snk-abclow 
040 |a SNKBUCL  |b slo  |c SNKBUCL  |e AACR2 
041 0 |a cze 
044 |a xo  |c SK 
100 1 |a Chládek, Zdeněk  |4 aut  |9 368800 
245 1 0 |a Výsledky provozního hodnocení Kuprikolu  |c Zdeněk Chládek 
773 0 |t Agrochémia : časopis pre chemizáciu poľnohospodárstva  |g Roč. 10, č. 3 (1970), s. 91-94 
954 |a odborná, vedecká literatúra cudzojazyčná (svetová)  |2 lita 
958 |a OND 
958 |a EUIPO 
958 |a article16 
999 |c 1882425  |d 1884355